Textbook of psychiatric nursing : (Record no. 10183)

MARC details
000 -LEADER
fixed length control field 00468nam a22001697a 4500
008 - FIXED-LENGTH DATA ELEMENTS--GENERAL INFORMATION
fixed length control field 210430b ||||| |||| 00| 0 eng d
020 ## - INTERNATIONAL STANDARD BOOK NUMBER
International Standard Book Number 9788192406015
082 ## - DEWEY DECIMAL CLASSIFICATION NUMBER
Classification number 610.7368 KAP
100 ## - MAIN ENTRY--PERSONAL NAME
Personal name Kapoor, Bimla.
245 ## - TITLE STATEMENT
Title Textbook of psychiatric nursing :
Statement of responsibility, etc. volume 1.
250 ## - EDITION STATEMENT
Edition statement 3rd ed.
260 ## - PUBLICATION, DISTRIBUTION, ETC.
Place of publication, distribution, etc. New Delhi :
Name of publisher, distributor, etc. Kumar Publishing House ;
Date of publication, distribution, etc. 2024.
300 ## - PHYSICAL DESCRIPTION
Extent 183 p.
Dimensions 26 cm.
500 ## - GENERAL NOTE
General note Includes index.
650 ## - SUBJECT ADDED ENTRY--TOPICAL TERM
Topical term or geographic name entry element Psychiatric nursing.
942 ## - Added entry Elements (Koha)
Source of classification or shelving scheme Dewey Decimal Classification
Holdings
Withdrawn status Lost status Source of classification or shelving scheme Damaged status Not for loan Collection code Home library Current library Shelving location Date acquired Inventory number Full call number Barcode Date last seen Price effective from Koha item type
    Dewey Decimal Classification     Main TEST RTC Library RTC Library Main opac 02/04/2025 19225 610.7368 KAP c1 30020379 02/04/2025 02/04/2025 Main
    Dewey Decimal Classification     Main TEST RTC Library RTC Library Main opac 02/04/2025 19222 610.7368 KAP c4 30020382 02/04/2025 02/04/2025 Main
    Dewey Decimal Classification     Main TEST RTC Library RTC Library Main opac 02/04/2025 19223 610.7368 KAP c3 30020381 02/04/2025 02/04/2025 Main
    Dewey Decimal Classification     Main TEST RTC Library RTC Library Main opac 02/04/2025 19224 610.7368 KAP c2 30020380 02/04/2025 02/04/2025 Main
Royal Thimphu College || All Right Reserved